Normal view
MARC view
Entry Uniform Title
001 - CONTROL NUMBER
- control field: 24394
003 - CONTROL NUMBER IDENTIFIER
- control field: dpl
005 - DATE AND TIME OF LATEST TRANSACTION
- control field: 20101120114555.0
008 - FIXED-LENGTH DATA ELEMENTS
- fixed length control field: 101120|||a|||||| | ||| d
040 ## - CATALOGING SOURCE
- Original cataloging agency: dpl
- Transcribing agency: dpl
130 ## - HEADING--UNIFORM TITLE
- Uniform title: अमर शहीद ग्रंथमाला
670 ## - SOURCE DATA FOUND
- Source citation: Work cat.: (dpl): 24114 झा, कृपाकान्त 'मठपति', बिहारः के अमर शहीदों की कहानियाँ /, 2010
670 ## - SOURCE DATA FOUND
- Source citation: Work cat.: (dpl): 24114 झा, कृपाकान्त 'मठपति', बिहारः के अमर शहीदों की कहानियाँ /, 2010
